Replay : (Record no. 560)

MARC details
000 -LEADER
fixed length control field 01132cam a2200325 a 4500
005 - DATE AND TIME OF LATEST TRANSACTION
control field 20260227150013.0
020 ## - INTERNATIONAL STANDARD BOOK NUMBER
International Standard Book Number 0060540192
020 ## - INTERNATIONAL STANDARD BOOK NUMBER
International Standard Book Number 0060540206 (lib. bdg.)
040 ## - CATALOGING SOURCE
Original cataloging agency DLC
Transcribing agency DLC
Modifying agency DLC
Language of cataloging eng
050 00 - LIBRARY OF CONGRESS CALL NUMBER
Classification number PZ7.C8615
Item number Re 2005
082 00 - DEWEY DECIMAL CLASSIFICATION NUMBER
Classification number [Fic]
Edition number 22
100 1# - MAIN ENTRY--PERSONAL NAME
Personal name Creech, Sharon.
245 10 - TITLE STATEMENT
Title Replay :
Remainder of title a new book /
Statement of responsibility, etc. by Sharon Creech.
250 ## - EDITION STATEMENT
Edition statement 1st ed.
260 ## - PUBLICATION, DISTRIBUTION, ETC.
Place of publication, distribution, etc. New York :
Name of publisher, distributor, etc. Joanna Cotler Books,
Date of publication, distribution, etc. 2005.
300 ## - PHYSICAL DESCRIPTION
Extent 180, 31 pages ;
Dimensions 20 cm.
500 ## - GENERAL NOTE
General note At head of title: Joanna Cotler Books presents.
505 ## - FORMATTED CONTENTS NOTE
Formatted contents note M
520 ## - SUMMARY, ETC.
Summary, etc. While preparing for a role in the school play, twelve-year-old Leo finds an autobiography that his father wrote as a teenager and ponders the ways people change as they grow up. Includes the text for the play, "Rumpopo's Porch."
521 ## - TARGET AUDIENCE NOTE
Target audience note 780 <br/>
Source Lexile
521 ## - TARGET AUDIENCE NOTE
Target audience note M <br/>
Source Raz-Plus
650 #1 - SUBJECT ADDED ENTRY--TOPICAL TERM
Topical term or geographic name entry element Conduct of life
Form subdivision Fiction.
650 #1 - SUBJECT ADDED ENTRY--TOPICAL TERM
Topical term or geographic name entry element Family life
Form subdivision Fiction.
650 #1 - SUBJECT ADDED ENTRY--TOPICAL TERM
Topical term or geographic name entry element Fathers and sons
Form subdivision Fiction.
650 #1 - SUBJECT ADDED ENTRY--TOPICAL TERM
Topical term or geographic name entry element Theater
Form subdivision Fiction.
650 #1 - SUBJECT ADDED ENTRY--TOPICAL TERM
Topical term or geographic name entry element Schools
Form subdivision Fiction.
906 ## - LOCAL DATA ELEMENT F, LDF (RLIN)
a 7
b cbc
c orignew
d 1
e ecip
f 20
g y-gencatlg
942 ## - ADDED ENTRY ELEMENTS (KOHA)
Source of classification or shelving scheme Dewey Decimal Classification
Koha item type Books
Suppress in OPAC No
999 ## -
-- 560
-- 560
Holdings
Withdrawn status Lost status Source of classification or shelving scheme Damaged status Not for loan Collection Home library Current library Shelving location Date acquired Total Checkouts Full call number Barcode Date due Date last seen Date last checked out Price effective from Koha item type
    Dewey Decimal Classification     Juvenile Fiction Footprints International School Library Network Toul Kork Campus Footprints International School Library Network Toul Kork Campus TK Primary Library Room(4th Floor), Bookcase 5&6, Shelves 33-56, Orange Books 06/16/2023 1 CRE Fic PZ7.C86 FISTK00112 11/25/2025 11/11/2025 11/11/2025 06/16/2023 Books